000 00328nam a2200121Ia 4500
008 190216s9999||||xx |||||||||||||| ||und||
100 _a"Veasly R P,James M Gregory & Thomas R"
245 0 _aErosion And Sedement Pollution Control
260 _bSurjeet Pubs.Delhi
_c1989
300 _a384p
650 _aChemistry
942 _cBK
999 _c2775
_d2775